000 04047cam a22013094i 4500
003 PE-LiUPU
005 20250813185614.0
008 150706s2010 sp a r 000 0 d
020 _a9788484763321
035 _a(Sirsi) i9788484763321
040 _aPE-LiUPU
_bspa
_cPE-LiUPU
_erda
049 _aPRUA
082 0 4 _a333.9539
_bD15
_221
082 0 4 _a577
_bD22 2010
100 1 _aDamien, Alain,
_eautor.
245 1 3 _aLa biomasa :
_bfundamentos, tecnologías y aplicaciones /
_cAlain Damien ; Traducción y adaptación por Ana Madrid Cenzano . [et al.].
264 1 _aMadrid :
_bAMV : Mundi-Prensa,
_c2010 .
300 _a267 páginas :
_bilustraciones ;
_c24 cm.
336 _atext
_2rdacontent
337 _aunmediated
_2rdamedia
338 _avolume
_2rdacarrier
504 _aIncluye referencias bibliográficas .
505 0 _aLa biomasa: Fundamentos, tecnologías y aplicaciones -- Definiciones y generalidades -- Fuentes de biomasa -- Métodos de transformación de la biomasa en energías -- Biocombustibles y biocarburantes -- Situación de la biomasa como fuente de energía: la biomasa-energía.
526 _aP202
526 _aP201
526 _aP163
526 _aP162
526 _aP161
526 _aP160
526 _aP148
526 _aP147
526 _aP146
526 _aP145
526 _aP144
526 _aP143
526 _aP142
526 _aP141
526 _aP140
526 _aP139
526 _aP138
526 _aP137
526 _aP136
526 _aP135
526 _aP134
526 _aP133
526 _aP129
526 _aP128
526 _aP127
526 _aP120
526 _aP119
526 _aP118
526 _aP116
526 _aP115
526 _aP114
526 _aP110
526 _aP109
526 _aP108
526 _aP104
526 _aP103
526 _aP102
526 _aP99
526 _aP98
526 _aP97
526 _aP96
526 _aP95
526 _aP93
526 _aP90
526 _aP89
526 _aP88
526 _aP83
526 _aP82
526 _aP62
526 _aP59
526 _aP58
526 _aP57
526 _aP51
526 _aP49
526 _aP48
526 _aP47
526 _aP29
526 _aP24
526 _aP20
526 _aP19
526 _aP17
526 _aP15
526 _aP14
526 _aP12
526 _aP10
526 _aP09
526 _aP08
526 _aP07
526 _aP06
526 _aP05
526 _aP04
526 _aP01
541 _g015-0014331;
650 0 4 _aEnergía de biomasa
_xCongresos.
650 0 4 _aRecursos energéticos renovables.
700 1 _aMadrid Cenzano, Ana,
_etr.
910 _agl
_bjv
_cng
_d20121009
910 _ctqv
_d20170125
942 _2ddc
_cBOOK
949 _a333.9539 D15
_wDEWEY
_c1
_i65510
_lCCODEBUL1
_mBUL
_p65.00
_r0
_sY
_tBOOK
_u2015-7-6
_xINGENIERIA
_PP24
_o.STAFF. Colección General
949 _a577 D22 2010
_wDEWEY
_c1
_iFJ06033
_lCCODEBUJ1
_mBUJ
_p65.00
_r0
_sY
_tBOOK
_u2017-01-25
_xFIA
_PP24
_0COMPRA
_o.STAFF. Colección General Juliaca
949 _a577 D22 2010
_wDEWEY
_c2
_iFJ06034
_lCCODEBUJ1
_mBUJ
_p65.00
_r0
_sY
_tBOOK
_u2017-01-25
_xFIA
_PP24
_0COMPRA
_o.STAFF. Colección General Juliaca
994 _aC0
_bPEPRU
596 _a1 3
999 _a333.9539 D15
_wDEWEY
_c53994
_i65510
_d53994
_e2016-10-9
_f2021-11-9
_g7
_lCCODEBUL1
_mBUL
_n3
_p65.00
_q1
_r0
_sY
_tBOOK
_u2015-7-6
_xINGENIERIA
_PP24
_0COMPRA
_o.STAFF. Colección General
999 _a577 D22 2010
_wDEWEY
_c1
_iFJ06033
_d2018-4-25
_e2017-4-3
_f2022-1-25
_g3
_lCCODEBUJ1
_mBUJ
_n1
_p65.00
_q3
_r0
_sY
_tBOOK
_u2017-1-25
_xINGENIERIA
_PP24
_0COMPRA
_o.STAFF. Colección General Juliaca
999 _a577 D22 2010
_wDEWEY
_c2
_iFJ06035
_f2022-1-25
_g3
_lCCODEBUJ1
_mBUJ
_p65.00
_r0
_sY
_tBOOK
_u2017-1-25
_xINGENIERIA
_PP24
_0COMPRA
_o.STAFF. Colección General Juliaca
980 _81
_gALBERTO SANCHEZ Responsable de Automatización